| 000 | 00686nmm a2200241 a 4500 | ||
|---|---|---|---|
| 003 | AR-Y00000XR | ||
| 005 | 20251128210659.0 | ||
| 008 | 086120s1996 ||||||||||||||000 | spa|| | ||
| 020 | _a0-201-60970-3 | ||
| 040 | _cAR-Y00000XR | ||
| 100 | 1 | _aMikulecky, Beatrice S. | |
| 245 | 1 | 0 |
_aMore reading power _breading for pleasure, comprehension skills, thinking skills, reading faster |
| 260 |
_a[S.l.] _bAddison-Wesley _c1996 |
||
| 300 | 0 | _a300 p. | |
| 650 | 4 | _aENSENANZA DE IDIOMAS | |
| 650 | 4 | _aINGLES | |
| 650 | 4 | _aLIBROS DE TEXTO | |
| 650 | 4 | _aLENGUA EXTRANJERA | |
| 650 | 4 | _aACTIVIDADES DE APRENDIZAJE | |
| 700 | 1 | _aJeffries, Linda | |
| 942 | _cBK | ||
| 998 | _cme-solo cat | ||
| 999 |
_c16407 _d16407 |
||